| 000 | 00899nam a2200217Ia 4500 | ||
|---|---|---|---|
| 005 | 20241127084658.0 | ||
| 008 | 130821s1992 ne ao gr spa | ||
| 020 | _a9589138829 | ||
| 040 |
_aCo-BoUCM _bspa _cDavid Moreno (modificó) _dDavid Moreno (modificó) |
||
| 041 | 0 | 0 | _aspa |
| 100 | 1 |
_aGarcía Márquez, Gabriel _d1928- _91716 |
|
| 245 | 1 | 4 |
_aUna jornada en Macondo _ctextos Gabriel García Márquez ; fotografías Hannes Wallrafen |
| 260 |
_aÁmsterdam (Holanda) _bVillegas Editores _c1992 |
||
| 300 |
_a81 páginas _bilustraciones, fotografías |
||
| 650 | 0 | 4 |
_aLiteratura colombiana _918629 |
| 650 | 0 | 4 |
_aLiteratura colombiana _xHistoria y crítica _vFotografías _918629 |
| 650 | 0 | 4 |
_aNovela colombiana _xHistoria y crítica _vFotografías _920483 |
| 700 | 1 |
_aWallrafen, Hannes _d1951- _9161254 |
|
| 942 |
_cLIBRO _a2 _e1 _kC _mG216jo _2DEWEY _h860.44 _n0 |
||
| 999 |
_c42448 _d42448 |
||